Augmented Human

Guardado en:
Detalles Bibliográficos
Autor principal: Helen Papagiannis
Formato: Libro
Publicado: shroff
Materias:
AR
Etiquetas: Agregar Etiqueta
Sin Etiquetas, Sea el primero en etiquetar este registro!

MARC

LEADER 00000nam a2200000Ia 4500
005 20260427112718.0
526 |b Immersive Arts 
100 |a Helen Papagiannis 
020 |a 9789352136025 
650 |a AR 
526 |a Masters 
942 |c BK 
245 |a Augmented Human 
260 |b shroff 
999 |c 100  |d 100 
952 |0 0  |1 0  |4 0  |7 0  |8 4  |a BRISTOL  |b BRISTOL  |d 2026-04-22  |l 0  |p 000118  |r 2026-04-27 11:27:19  |w 2026-04-27  |y BK